Gaming Quiz

Random Gaming or Card Games Quiz
Score 0/30 Timer 06:00
0 Plays Today
Card Type Name % Correct
MonsterGoblin Attack Force
83.3%
MonsterGoblin of Greed
76.7%
TrapRobbin' Goblin
76.7%
SpellUpstart Goblin
76.7%
MonsterGoblin Elite Attack Force
73.3%
MonsterToon Goblin Attack Force
63.3%
SpellGoblin Thief
60%
TrapGood Goblin Housekeeping
56.7%
MonsterGoblin Calligrapher
53.3%
MonsterGoblin King
53.3%
MonsterSecond Goblin
53.3%
TrapHard-sellin' Goblin
53.3%
SpellGoblin's Secret Remedy
50%
TrapGoblin Out of the Frying Pan
46.7%
TrapMinor Goblin Official
43.3%
Card Type Name % Correct
MonsterGoblin Decoy Squad
40%
TrapGoblin Fan
40%
MonsterKnightmare Goblin
38.9%
MonsterGoblin Marauding Squad
36.7%
MonsterGoblindbergh
36.7%
MonsterCoach Goblin
33.3%
MonsterGoblin Zombie
33.3%
SpellPeeking Goblin
33.3%
MonsterGoblin Recon Squad
26.7%
MonsterScrounging Goblin
26.7%
MonsterBlindly Loyal Goblin
23.3%
MonsterGoblin Pothole Squad
23.3%
MonsterScrap Goblin
23.3%
SpellGoblin Circus
23.3%
MonsterGoblin Black Ops
20%
Remove Ads.
Support Sporcle.
Get the best of Sporcle when you Go Orange. This ad-free experience offers more features, more stats, and more fun while also helping to support Sporcle. Thank you for becoming a member.

You're not logged in!

Compare scores with friends on all Sporcle quizzes.
OR
Log In

Show Comments

Extras

Top Quizzes Today


Score Distribution

Your Account Isn't Verified!

In order to create a playlist on Sporcle, you need to verify the email address you used during registration. Go to your Sporcle Settings to finish the process.

Report this User

Report this user for behavior that violates our Community Guidelines.

Details: